书目信息 |
| 题名: |
2000个应该知道的文化常识
|
|
| 作者: | 杨谷怀 , 刘海月 编著 | |
| 分册: | ||
| 出版信息: | 赤峰 内蒙古科学技术出版社 2018 |
|
| 页数: | 22, 438页 | |
| 开本: | 24cm | |
| 丛书名: | 快速充电百科知识丛书 | |
| 单 册: | ||
| 中图分类: | G-49 | |
| 科图分类: | ||
| 主题词: | 文化--通俗读物 | |
| 电子资源: | ||
| ISBN: | 978-7-5380-2902-4 | |
| 000 | 01064nam 2200253 450 | |
| 001 | 2354315656 | |
| 005 | 20231207150528.69 | |
| 010 | @a978-7-5380-2902-4@dCNY58.00 | |
| 100 | @a20180619d2018 em y0chiy50 ea | |
| 101 | 0 | @achi |
| 102 | @aCN@b150000 | |
| 105 | @ay z 000yy | |
| 200 | 1 | @a2000个应该知道的文化常识@A2000ge ying gai zhi dao de wen hua chang shi@f杨谷怀, 刘海月编著 |
| 210 | @a赤峰@c内蒙古科学技术出版社@d2018 | |
| 215 | @a22, 438页@d24cm | |
| 225 | 2 | @a快速充电百科知识丛书@Akuai su chong dian bai ke zhi shi cong shu |
| 330 | @a个体生命是有限的, 而人类文化的发展是无限的。没有广博的基础便没有高耸的大厦, 广泛地涉猎文化常识对每个人的成才都至关重要, 这是我们编写本书的初衷。本书分上下两篇, 从地理、历史、文艺、民俗等多个方面向读者介绍2000多个中外文化常识, 衷心希望读者在轻松的阅读中增长知识, 提高素养。 | |
| 410 | 0 | @12001 @a快速充电百科知识丛书 |
| 606 | 0 | @a文化@j通俗读物 |
| 690 | @aG-49@v5 | |
| 701 | 0 | @a杨谷怀@Ayang gu huai@4编著 |
| 701 | 0 | @a刘海月@Aliu hai yue@4编著 |
| 801 | 0 | @aCN@b湖北三新@c20180619 |
| 905 | @aZUCC@dG-49@e1 | |
| 2000个应该知道的文化常识/杨谷怀, 刘海月编著.-赤峰:内蒙古科学技术出版社,2018 |
| 22, 438页;24cm.-(快速充电百科知识丛书) |
| ISBN 978-7-5380-2902-4:CNY58.00 |
| 个体生命是有限的, 而人类文化的发展是无限的。没有广博的基础便没有高耸的大厦, 广泛地涉猎文化常识对每个人的成才都至关重要, 这是我们编写本书的初衷。本书分上下两篇, 从地理、历史、文艺、民俗等多个方面向读者介绍2000多个中外文化常识, 衷心希望读者在轻松的阅读中增长知识, 提高素养。 |
| ● |
| 相关链接 |
|
|
|
正题名:2000个应该知道的文化常识
索取号:G-49/1
 
预约/预借
| 序号 | 登录号 | 条形码 | 馆藏地/架位号 | 状态 | 备注 |
| 1 | 2001409705 | 2001409705 | 617书库/ [索取号:G-49/1] | 在馆 | |
| 2 | 2001409706 | 2001409706 | 617书库/ [索取号:G-49/1] | 在馆 | |
| 3 | 2001409707 | 2001409707 | 617书库/ [索取号:G-49/1] | 在馆 | |
| 4 | 2001409708 | 2001409708 | 617书库/ [索取号:G-49/1] | 在馆 | |
| 5 | 2001409709 | 2001409709 | 617书库/ [索取号:G-49/1] | 在馆 | |
| 6 | 2001409710 | 2001409710 | 617书库/ [索取号:G-49/1] | 在馆 | |
| 7 | 2001409711 | 2001409711 | 617书库/ [索取号:G-49/1] | 在馆 | |
| 8 | 2001409712 | 2001409712 | 617书库/ [索取号:G-49/1] | 在馆 | |
| 9 | 2001409713 | 2001409713 | 617书库/ [索取号:G-49/1] | 在馆 | |
| 10 | 2001409714 | 2001409714 | 617书库/ [索取号:G-49/1] | 在馆 | |
| 11 | 2001409715 | 2001409715 | 617书库/ [索取号:G-49/1] | 在馆 | |
| 12 | 2001409716 | 2001409716 | 617书库/ [索取号:G-49/1] | 在馆 | |
| 13 | 2001409717 | 2001409717 | 617书库/ [索取号:G-49/1] | 在馆 | |
| 14 | 2001409718 | 2001409718 | 617书库/ [索取号:G-49/1] | 在馆 | |
| 15 | 2001409719 | 2001409719 | 617书库/ [索取号:G-49/1] | 在馆 | |
| 16 | 2001409720 | 2001409720 | 617书库/ [索取号:G-49/1] | 在馆 | |
| 17 | 2001409721 | 2001409721 | 617书库/ [索取号:G-49/1] | 在馆 | |
| 18 | 2001409722 | 2001409722 | 617书库/ [索取号:G-49/1] | 在馆 | |
| 19 | 2001409723 | 2001409723 | 617书库/ [索取号:G-49/1] | 在馆 | |
| 20 | 2001409724 | 2001409724 | 617书库/ [索取号:G-49/1] | 在馆 | |
| 21 | 2001409725 | 2001409725 | 617书库/ [索取号:G-49/1] | 在馆 | |
| 22 | 2001409726 | 2001409726 | 617书库/ [索取号:G-49/1] | 在馆 | |
| 23 | 2001409727 | 2001409727 | 617书库/ [索取号:G-49/1] | 在馆 | |
| 24 | 2001409728 | 2001409728 | 617书库/ [索取号:G-49/1] | 在馆 | |
| 25 | 2001409729 | 2001409729 | 617书库/ [索取号:G-49/1] | 在馆 | |
| 26 | 2001409730 | 2001409730 | 617书库/ [索取号:G-49/1] | 在馆 | |
| 27 | 2001409731 | 2001409731 | 617书库/ [索取号:G-49/1] | 在馆 | |
| 28 | 2001409732 | 2001409732 | 617书库/ [索取号:G-49/1] | 在馆 | |
| 29 | 2001409733 | 2001409733 | 617书库/ [索取号:G-49/1] | 在馆 | |
| 30 | 2001409734 | 2001409734 | 617书库/ [索取号:G-49/1] | 在馆 |